[Event "Women's Speed Chess Q5"]
[Site "chess.com INT"]
[Date "2020.06.22"]
[Round "7"]
[White "Linares Napoles, Oleiny"]
[Black "Berend, Elvira"]
[Result "1-0"]
[WhiteTitle "WGM"]
[BlackTitle "WGM"]
[WhiteElo "2215"]
[BlackElo "2326"]
[WhiteFideId "3504794"]
[BlackFideId "4000510"]
[EventDate "2020.06.22"]

1. c4 e5 2. Nc3 Nc6 3. g3 h5 4. Nf3 Nf6 5. Bg2 Bc5 6. d3 h4 7. Bg5 h3 8. Bf1 Be7
9. Qd2 d6 10. O-O-O Bg4 11. Kb1 Qd7 12. Ne1 O-O-O 13. Nc2 Kb8 14. Rg1 Rde8 15.
f3 Be6 16. e4 Nh5 17. Be3 g6 18. Nd5 Bd8 19. d4 f5 20. exf5 gxf5 21. dxe5 Nxe5
22. Be2 c6 23. f4 Ng4 24. Nc3 Bc7 25. Bd4 Rhg8 26. Bf3 Bxc4 27. Rge1 Ba6 28. Bg1
d5 29. Nb4 Bc4 30. b3 a5 31. bxc4 axb4 32. Na4 Qe7 33. Rxe7 Rxe7 34. cxd5 Rd8
35. Qxb4 Red7 36. Nc5 1-0

[Event "Women's Speed Chess Q5"]
[Site "chess.com INT"]
[Date "2020.06.22"]
[Round "7"]
[White "Babiy, Olga"]
[Black "Mrudul, Dehankar"]
[Result "1-0"]
[WhiteTitle "WGM"]
[BlackTitle "WIM"]
[WhiteElo "2228"]
[BlackElo "2256"]
[WhiteFideId "14117258"]
[BlackFideId "25096990"]
[EventDate "2020.06.22"]

1. e4 c5 2. Nf3 d6 3. d4 cxd4 4. Nxd4 Nf6 5. Nc3 a6 6. Be3 e6 7. f3 Qc7 8. Qd2
Nbd7 9. g4 Ne5 10. g5 Nfd7 11. f4 Nc4 12. Bxc4 Qxc4 13. Qd3 Qc7 14. Nb3 b5 15.
O-O-O Bb7 16. Rhe1 Be7 17. Bd4 O-O 18. h4 Rfd8 19. f5 Nc5 20. Qg3 b4 21. Nxc5
bxc3 22. fxe6 cxb2+ 23. Kb1 Qc6 24. exf7+ Kh8 25. Ne6 Bf8 26. h5 Rdc8 27. Rd2
Qc4 28. Qg4 Qb4 29. Red1 Rc7 30. Nxc7 Bc8 31. Qf3 1-0

[Event "Women's Speed Chess Q5"]
[Site "chess.com INT"]
[Date "2020.06.22"]
[Round "7"]
[White "Bogumil, Tatiana"]
[Black "Mohota, Nisha"]
[Result "1-0"]
[WhiteTitle "WGM"]
[BlackTitle "IM"]
[WhiteElo "2182"]
[BlackElo "2195"]
[WhiteFideId "4110579"]
[BlackFideId "5004330"]
[EventDate "2020.06.22"]

1. Nf3 Nf6 2. c4 g6 3. b3 Bg7 4. Bb2 d6 5. g3 e5 6. Bg2 Nc6 7. O-O O-O 8. d3 Nh5
9. Nc3 f5 10. e3 f4 11. Ne4 Bg4 12. h3 Bd7 13. exf4 exf4 14. Bxg7 Nxg7 15. g4
Ne5 16. d4 Nxf3+ 17. Bxf3 Qh4 18. Kh2 Rae8 19. Qd3 h5 20. Rg1 Re7 21. d5 hxg4
22. Bxg4 f3 23. Bxd7 Rxe4 24. Rg3 Re2 25. Rf1 Rf5 26. Bxf5 gxf5 27. Qxf3 Rxa2
28. Rfg1 1-0

[Event "Women's Speed Chess Q5"]
[Site "chess.com INT"]
[Date "2020.06.22"]
[Round "7"]
[White "Munkhzul, Davaakhuu"]
[Black "Starosta, Martyna"]
[Result "1-0"]
[WhiteTitle "WFM"]
[BlackTitle "WCM"]
[WhiteElo "1991"]
[BlackElo "2079"]
[WhiteFideId "4902815"]
[BlackFideId "21818754"]
[EventDate "2020.06.22"]

1. e4 e5 2. Nf3 Nc6 3. Bb5 a6 4. Ba4 d6 5. O-O g6 6. c3 Bg7 7. h3 Nf6 8. Re1 O-O
9. d4 Bd7 10. Nbd2 b5 11. Bb3 Kh8 12. Nf1 Nh5 13. dxe5 Nxe5 14. Nxe5 Bxe5 15.
Bh6 Ng7 16. Ne3 Qh4 17. Bxg7+ Kxg7 18. Qf3 Be6 19. Nd5 f5 20. Nxc7 Bxb3 21. axb3
fxe4 22. Qe2 Kg8 23. Nxa8 Qf4 24. g3 Qh6 25. Qxe4 Qxh3 26. Nc7 Rxf2 27. Kxf2
Bxg3+ 28. Ke2 Bxe1 29. Rxe1 Qh2+ 30. Kd3 Qh5 31. Qe8+ Kg7 32. Re7+ Kh6 33. Qf8+
Kg5 34. Ne6+ Kh4 35. Qf4+ Kh3 36. Ng5+ Kg2 37. Re2+ Kg1 38. Qf2+ Kh1 39. Qg2# 1-0

[Event "Women's Speed Chess Q5"]
[Site "chess.com INT"]
[Date "2020.06.22"]
[Round "7"]
[White "Khalafova, Narmin"]
[Black "Potapova, Margarita"]
[Result "0-1"]
[WhiteTitle "WGM"]
[BlackTitle "WIM"]
[WhiteElo "2279"]
[BlackElo "2270"]
[WhiteFideId "13402625"]
[BlackFideId "14126869"]
[EventDate "2020.06.22"]

1. e4 c5 2. Be2 Nc6 3. f4 g6 4. Nf3 Bg7 5. O-O d5 6. d3 Nf6 7. e5 Nd7 8. c4 e6
9. Nc3 Nb6 10. Nb5 O-O 11. Nd6 Ne7 12. Be3 Qc7 13. Rc1 dxc4 14. dxc4 Nf5 15. Nb5
Qc6 16. Bf2 a6 17. Nc3 h5 18. Bd3 Bd7 19. h3 Rad8 20. Qe2 Bc8 21. Be4 Qc7 22.
Rcd1 Bd7 23. g4 hxg4 24. hxg4 Nd4 25. Nxd4 cxd4 26. Bxd4 Nxc4 27. b3 Na5 28. Rc1
Nc6 29. Bc5 Rfe8 30. Bd6 Qb6+ 31. Qf2 Qa5 32. Qe3 g5 0-1

[Event "Women's Speed Chess Q5"]
[Site "chess.com INT"]
[Date "2020.06.22"]
[Round "7"]
[White "Khotenashvili, Bela"]
[Black "Socko, Monika"]
[Result "1-0"]
[WhiteTitle "GM"]
[BlackTitle "GM"]
[WhiteElo "2458"]
[BlackElo "2428"]
[WhiteFideId "13602640"]
[BlackFideId "1106619"]
[EventDate "2020.06.22"]

1. d4 Nf6 2. c4 e6 3. g3 d5 4. Nf3 dxc4 5. Bg2 a6 6. O-O Be7 7. Na3 b5 8. b3 c3
9. Nc2 O-O 10. Qd3 Bb7 11. Qxc3 Nbd7 12. b4 Nb6 13. a3 Be4 14. Ne3 Nfd5 15. Nxd5
Bxd5 16. Bf4 Rc8 17. Rfe1 f5 18. Rac1 Bf6 19. Be5 Nc4 20. Bxf6 Qxf6 21. e3 Rcd8
22. Ne5 Rd6 23. Nxc4 bxc4 24. f3 Rfd8 25. e4 fxe4 26. fxe4 Bxe4 27. Rxe4 Rxd4
28. Rf1 Rd3 29. Qxc4 Qe7 30. Rxe6 R3d4 31. Rxe7+ Rxc4 32. Rff7 Rg4 33. Bf3 Rg6
34. Rd7 Re8 35. Rfe7 Rf8 36. Kg2 h5 37. Bxh5 Rg5 38. Bf3 Kh7 39. h4 Rgf5 40. Be4
Kg6 41. Bxf5+ 1-0

[Event "Women's Speed Chess Q5"]
[Site "chess.com INT"]
[Date "2020.06.22"]
[Round "7"]
[White "Shuvalova, Polina"]
[Black "Dordzhieva, Dinara"]
[Result "1-0"]
[WhiteTitle "WGM"]
[BlackTitle "WIM"]
[WhiteElo "2454"]
[BlackElo "2354"]
[WhiteFideId "24171760"]
[BlackFideId "24157570"]
[EventDate "2020.06.22"]

1. e4 c5 2. Nf3 d6 3. Bb5+ Bd7 4. Bxd7+ Qxd7 5. c4 e5 6. Nc3 g6 7. d3 Bg7 8. O-O
Nc6 9. Rb1 Nge7 10. a3 a5 11. Bg5 f6 12. Be3 O-O 13. Nd2 f5 14. f3 f4 15. Bf2 g5
16. h3 Ng6 17. Nd5 Nge7 18. Nb6 Qe6 19. Nxa8 Rxa8 20. Rc1 h5 21. Nb1 Nd4 22. Nc3
Nec6 23. Nd5 Rc8 24. Rb1 b5 25. b4 bxc4 26. b5 c3 27. Nxc3 Ne7 28. b6 Rb8 29.
Qa4 Nec6 30. Qd1 g4 31. fxg4 hxg4 32. Qxg4 Qf7 33. Bxd4 Nxd4 34. Nd5 Nc2 35. b7
Qf8 36. Qe6+ Kh8 37. Rb6 Nd4 38. Qg4 a4 39. Kh1 Nc2 40. Qh5+ Kg8 41. Qg6 Nxa3
42. Rf2 c4 43. Qe6+ Kh8 44. dxc4 Nxc4 45. Rc6 Na5 46. Rc8 Nxb7 47. Rxf8+ Rxf8
48. Qd7 Nc5 49. Qxd6 Nxe4 50. Qb6 Nxf2+ 51. Qxf2 e4 52. Ne7 Re8 53. Qh4+ 1-0

[Event "Women's Speed Chess Q5"]
[Site "chess.com INT"]
[Date "2020.06.22"]
[Round "7"]
[White "Kazarian, Anna-Maja"]
[Black "Afraoui, Anaelle"]
[Result "1-0"]
[WhiteTitle "FM"]
[BlackTitle "WFM"]
[WhiteElo "2096"]
[BlackElo "2120"]
[WhiteFideId "1033689"]
[BlackFideId "20654383"]
[EventDate "2020.06.22"]

1. e4 d6 2. d4 Nf6 3. Nc3 g6 4. Bc4 Bg7 5. Nge2 O-O 6. Bb3 Nc6 7. f3 Na5 8. Be3
c6 9. Qd2 Nxb3 10. axb3 b5 11. h4 a5 12. Bh6 b4 13. Nd1 c5 14. Bxg7 Kxg7 15. h5
Nxh5 16. Rxh5 gxh5 17. dxc5 dxc5 18. Qg5+ Kh8 19. Qxc5 Rg8 20. Ne3 h4 21. Rd1
Qe8 22. Rd5 Be6 23. Rh5 f6 24. Rxh4 Rg5 25. Qb6 Qd7 26. Nf4 Bf7 27. Nd3 Rd8 28.
f4 Rb5 29. Qa6 Bxb3 30. Rh3 Bxc2 31. Nxc2 Rbb8 32. Qxa5 Rbc8 33. Ncxb4 Qd4 34.
Qf5 Qg1+ 35. Ke2 Qxg2+ 36. Nf2 1-0

[Event "Women's Speed Chess Q5"]
[Site "chess.com INT"]
[Date "2020.06.22"]
[Round "7"]
[White "Mamedjarova, Turkan"]
[Black "Batsiashvili, Nino"]
[Result "1/2-1/2"]
[WhiteTitle "WGM"]
[BlackTitle "GM"]
[WhiteElo "2309"]
[BlackElo "2457"]
[WhiteFideId "13402005"]
[BlackFideId "13602993"]
[EventDate "2020.06.22"]

1. d4 d5 2. c4 e6 3. Nc3 c5 4. cxd5 exd5 5. Nf3 Nf6 6. g3 Nc6 7. Bg5 cxd4 8.
Nxd4 Bc5 9. Nxc6 bxc6 10. e3 h6 11. Bf4 O-O 12. Bg2 Re8 13. h4 Bg4 14. Bf3 Qd7
15. O-O Bxf3 16. Qxf3 Qf5 17. Qg2 Rac8 18. Na4 Bf8 19. f3 g5 20. hxg5 hxg5 21.
e4 dxe4 22. fxe4 Rxe4 23. Bd2 Qg6 24. Nc3 Re6 25. Qf3 Rce8 26. Rae1 Bg7 27. Rxe6
Rxe6 28. Re1 Rxe1+ 29. Bxe1 Nd7 30. Qe2 Ne5 31. Bf2 Qf5 32. Kg2 a6 33. Qe4 Qxe4+
34. Nxe4 f6 35. b3 Kf7 36. Nc5 a5 37. Nb7 Nd3 38. Nxa5 Nc1 39. Nxc6 Nxa2 40. Bd4
Ke6 41. Bb2 Kd5 42. Ne7+ Ke6 43. Nc6 Kd5 44. Ne7+ Ke6 45. Nc6 1/2-1/2

[Event "Women's Speed Chess Q5"]
[Site "chess.com INT"]
[Date "2020.06.22"]
[Round "7"]
[White "Tarini, Goyal"]
[Black "Nandhidhaa, P V"]
[Result "0-1"]
[WhiteTitle "WFM"]
[BlackTitle "WGM"]
[WhiteElo "2164"]
[BlackElo "2365"]
[WhiteFideId "5082749"]
[BlackFideId "5050847"]
[EventDate "2020.06.22"]

1. d4 Nf6 2. c4 e6 3. g3 d5 4. Nf3 Bb4+ 5. Bd2 Be7 6. Bg2 Ne4 7. Bc1 c6 8. O-O
f5 9. Nfd2 Nd7 10. f3 Nxd2 11. Nxd2 Nf6 12. e4 dxe4 13. fxe4 Qxd4+ 14. Kh1 O-O
15. exf5 exf5 16. Qe2 Bd6 17. Nf3 Qe4 18. Qd1 Rd8 19. Ng5 Qe7 20. Re1 Bxg3 21.
Rxe7 Rxd1+ 22. Bf1 Rxf1+ 23. Kg2 Bd6 24. Re2 Rd1 25. Bf4 Bxf4 26. Rxd1 Bxg5 27.
Rd8+ Kf7 28. Rd1 Ne4 29. Kf3 Be6 30. h4 Bf6 31. h5 Bxc4 32. Rd7+ Ke6 33. Rxb7
Bd5 34. Rxe4+ Bxe4+ 35. Kf4 Be5+ 36. Kg5 h6+ 37. Kg6 f4# 0-1

[Event "Women's Speed Chess Q5"]
[Site "chess.com INT"]
[Date "2020.06.22"]
[Round "7"]
[White "Narva, Mai"]
[Black "Dwilewicz, Katarzyna"]
[Result "1-0"]
[WhiteTitle "WIM"]
[BlackTitle "WFM"]
[WhiteElo "2333"]
[BlackElo "2120"]
[WhiteFideId "4500512"]
[BlackFideId "1148486"]
[EventDate "2020.06.22"]

1. e4 e5 2. Nf3 Nc6 3. Bb5 a6 4. Ba4 Nf6 5. O-O Be7 6. c3 Nxe4 7. Re1 Nc5 8.
Bxc6 dxc6 9. Nxe5 Nd3 10. Qh5 g6 11. Qf3 Nxe5 12. Rxe5 O-O 13. d4 Bd6 14. Re1
Bf5 15. Bh6 Re8 16. Rxe8+ Qxe8 17. Nd2 Qd7 18. h3 Re8 19. Nc4 Bf8 20. Bf4 Qd5
21. Qxd5 cxd5 22. Ne3 Be6 23. Bxc7 Bh6 24. Re1 Bd7 25. Be5 Be6 26. f3 Bf8 27.
Kf2 h5 28. Bf6 Bh6 29. Nxd5 Kh7 30. Nc7 Rc8 31. Nxe6 fxe6 32. Rxe6 Bf8 33. d5
Kg8 34. Ke3 Kf7 35. Ke4 Rc4+ 36. Bd4 Bc5 37. b3 1-0

[Event "Women's Speed Chess Q5"]
[Site "chess.com INT"]
[Date "2020.06.22"]
[Round "7"]
[White "Artemyeva, Olga"]
[Black "Sedina, Elena"]
[Result "1-0"]
[WhiteTitle "WFM"]
[BlackTitle "IM"]
[WhiteElo "2069"]
[BlackElo "2299"]
[WhiteFideId "4138422"]
[BlackFideId "812153"]
[EventDate "2020.06.22"]

1. e4 e6 2. d4 d5 3. Nc3 Bb4 4. Ne2 dxe4 5. a3 Bxc3+ 6. Nxc3 Nc6 7. d5 exd5 8.
Qxd5 Be6 9. Qxe4 Nf6 10. Qh4 Bf5 11. Qa4 O-O 12. Be3 Ng4 13. Be2 Nxe3 14. fxe3
Qe7 15. e4 Bd7 16. O-O Qc5+ 17. Kh1 Rad8 18. Qb5 Qxb5 19. Nxb5 Rc8 20. Rad1 Be6
21. Nd4 Nxd4 22. Rxd4 Rfd8 23. Rfd1 Rxd4 24. Rxd4 Kf8 25. e5 Ke7 26. Bf3 c6 27.
g3 Bf5 28. c3 Rd8 29. Rb4 Rd7 30. Rd4 Rxd4 31. cxd4 Ke6 32. Kg2 Bd3 33. Kf2 Bb5
34. Ke3 Ba4 35. Be2 b6 36. Bd3 g6 37. Be4 c5 38. Bf3 cxd4+ 39. Kxd4 Bc2 40. Bd5+ 1-0

[Event "Women's Speed Chess Q5"]
[Site "chess.com INT"]
[Date "2020.06.22"]
[Round "7"]
[White "Singgih, Diajeng Theresa"]
[Black "Soumya, Swaminathan"]
[Result "1-0"]
[WhiteTitle "WFM"]
[BlackTitle "IM"]
[WhiteElo "1972"]
[BlackElo "2351"]
[WhiteFideId "7104391"]
[BlackFideId "5016193"]
[EventDate "2020.06.22"]

1. e4 c5 2. Nf3 Nc6 3. d4 cxd4 4. Nxd4 Nf6 5. Nc3 d6 6. Bc4 e6 7. Bb3 a6 8. O-O
Be7 9. f4 Qc7 10. Be3 Bd7 11. f5 Nxd4 12. Bxd4 e5 13. Be3 Bc6 14. Qf3 h6 15.
Rad1 b5 16. a3 Rc8 17. Rf2 a5 18. Bd5 b4 19. Bxc6+ Qxc6 20. axb4 axb4 21. Nd5
Nxd5 22. Rxd5 Qa4 23. b3 Qa1+ 24. Rf1 Qc3 25. h3 O-O 26. Rf2 Rfd8 27. Re2 Bg5
28. Bxg5 Qxf3 29. gxf3 hxg5 30. Rb5 Rc3 31. Rxb4 Rxf3 32. Kg2 Rc3 33. Rb6 Kf8
34. b4 Ke7 35. Rb7+ Kf6 36. b5 Rdc8 37. Rd2 Rxc2 38. Rxc2 Rxc2+ 39. Kf3 Rc3+ 40.
Kg4 g6 41. fxg6 fxg6 42. b6 Re3 43. Rb8 Rxe4+ 44. Kf3 Rb4 45. b7 Kg7 46. Ke3 d5
47. Kd3 Rb5 48. Kc3 Rb1 49. Kd3 Rb6 50. Kc2 d4 51. Kd3 Rb3+ 52. Ke4 1-0

[Event "Women's Speed Chess Q5"]
[Site "chess.com INT"]
[Date "2020.06.22"]
[Round "7"]
[White "Arakhamia-Grant, Ketevan"]
[Black "Fataliyeva, Ulviyya"]
[Result "0-1"]
[WhiteTitle "GM"]
[BlackTitle "WGM"]
[WhiteElo "2380"]
[BlackElo "2301"]
[WhiteFideId "13600168"]
[BlackFideId "13403052"]
[EventDate "2020.06.22"]

1. e4 e6 2. d4 d5 3. Nc3 Nf6 4. e5 Nfd7 5. f4 c5 6. Nf3 Nc6 7. Be3 cxd4 8. Nxd4
Bc5 9. Qd2 O-O 10. O-O-O a6 11. Qf2 Nxd4 12. Bxd4 Qc7 13. h4 b5 14. h5 b4 15.
Na4 Bxd4 16. Qxd4 f6 17. exf6 Nxf6 18. h6 Ne4 19. g3 a5 20. Bd3 Qa7 21. Bxe4
Qxd4 22. Bxh7+ Kxh7 23. hxg7+ Kxg7 24. Rxd4 Ra6 25. Nc5 Rc6 26. Nd3 Ba6 27. Ne5
Rc7 28. Rd2 Rh8 29. Rxh8 Kxh8 30. Rh2+ Kg7 31. Kd2 a4 32. Ke3 a3 33. b3 Rc3+ 34.
Kd4 Bf1 35. g4 Rc7 36. g5 Bb5 37. Rf2 Be8 38. Rh2 Bg6 39. Nxg6 Kxg6 40. Rh6+ Kf5
41. Rf6+ Kg4 42. Ke5 Rxc2 43. g6 Rc8 44. g7 Rg8 0-1

[Event "Women's Speed Chess Q5"]
[Site "chess.com INT"]
[Date "2020.06.22"]
[Round "7"]
[White "Arabidze, Meri"]
[Black "Goltseva, Ekaterina"]
[Result "1-0"]
[WhiteTitle "IM"]
[BlackTitle "FM"]
[WhiteElo "2428"]
[BlackElo "2306"]
[WhiteFideId "13604040"]
[BlackFideId "24173770"]
[EventDate "2020.06.22"]

1. d4 Nf6 2. c4 e6 3. Nf3 d5 4. Nc3 dxc4 5. e3 a6 6. a4 b6 7. Bxc4 Bb7 8. O-O
Bb4 9. Qe2 O-O 10. Bd3 Qe7 11. e4 h6 12. Na2 Nc6 13. e5 Nd5 14. Qe4 f5 15. exf6
Nxf6 16. Qg6 Qf7 17. Qg3 Bd6 18. Ne5 Nxe5 19. dxe5 Nh5 20. Qg4 Bxe5 21. Bg6 Qf6
22. Qxh5 Rad8 23. Nc3 Rd4 24. f4 Bd6 25. Be3 Rb4 26. Rf2 Bxf4 27. Kh1 Qe7 28.
Raf1 e5 29. Bb1 Rf6 30. Bxf4 exf4 31. Qe2 Re6 32. Ba2 Be4 33. Bxe6+ Qxe6 34.
Nxe4 Rxe4 35. Qf3 Kh7 36. Qh3 Qe5 37. Qd3 Kh8 38. h3 Re3 39. Qd8+ 1-0

[Event "Women's Speed Chess Q5"]
[Site "chess.com INT"]
[Date "2020.06.22"]
[Round "7"]
[White "Foisor, Sabina-Francesca"]
[Black "Buksa, Nataliya"]
[Result "0-1"]
[WhiteTitle "WGM"]
[BlackTitle "IM"]
[WhiteElo "2228"]
[BlackElo "2410"]
[WhiteFideId "1212915"]
[BlackFideId "14123622"]
[EventDate "2020.06.22"]

1. d4 d5 2. c4 e6 3. Nc3 Nf6 4. cxd5 exd5 5. Bg5 Nbd7 6. e3 c6 7. Bd3 Be7 8.
Nge2 Nf8 9. O-O Ne6 10. Bh4 O-O 11. f3 Nh5 12. Bf2 g6 13. Qd2 f5 14. Rad1 b6 15.
e4 fxe4 16. fxe4 Nhf4 17. Nxf4 Nxf4 18. Bc2 Ba6 19. Rfe1 dxe4 20. Rxe4 Bd6 21.
Bb3+ Kh8 22. d5 c5 23. Bg3 Qc7 24. Bc2 Rae8 25. Rde1 Rxe4 26. Nxe4 Kg8 27. Nxd6
Qxd6 28. Qe3 Bb5 29. a4 Bd7 30. Bb3 g5 31. Qe5 Qxe5 32. Rxe5 h6 33. d6+ Kh8 34.
h4 Ng6 35. Re7 Nxe7 36. dxe7 Re8 37. Bd6 Kg7 38. Be5+ Kg6 39. h5+ Kf5 40. Bd6
Be6 41. Bc2+ Kf6 42. Bg6 Bf7 43. Bxf7 Kxf7 44. Kf2 Ke6 45. Bg3 Rxe7 0-1

[Event "Women's Speed Chess Q5"]
[Site "chess.com INT"]
[Date "2020.06.22"]
[Round "7"]
[White "Solozhenkina, Elizaveta"]
[Black "Kiolbasa, Oliwia"]
[Result "1-0"]
[WhiteTitle "WIM"]
[BlackTitle "WIM"]
[WhiteElo "2301"]
[BlackElo "2160"]
[WhiteFideId "34106615"]
[BlackFideId "1154613"]
[EventDate "2020.06.22"]

1. e4 e5 2. Nf3 Nc6 3. Nc3 Nf6 4. Bb5 Bb4 5. O-O O-O 6. d3 Bxc3 7. bxc3 d6 8.
Bg5 Qe7 9. Re1 Nd8 10. d4 Ne6 11. Bd2 c5 12. d5 Nc7 13. Bd3 b5 14. c4 a6 15. h3
Rb8 16. Rb1 h6 17. Qe2 Bd7 18. Nh2 bxc4 19. Rxb8 Rxb8 20. Bxc4 Nb5 21. c3 Na3
22. Bxa6 Rb2 23. Nf3 Qd8 24. Bd3 c4 25. Qd1 cxd3 26. Bc1 Rb1 27. Qxd3 Qa5 28.
Nd2 Rb8 29. Nb3 Qa7 30. c4 Rc8 31. Be3 Qa4 32. c5 Bb5 33. Qd1 Nc4 34. c6 Nxe3
35. Rxe3 Nxe4 36. Qc2 f5 37. Kh1 g6 38. f3 Nf6 39. Re1 Nxd5 40. Rd1 Qc4 41. Qd2 1-0

[Event "Women's Speed Chess Q5"]
[Site "chess.com INT"]
[Date "2020.06.22"]
[Round "7"]
[White "Hng, Mei-En Emmanuelle"]
[Black "Osmak, Iulija"]
[Result "0-1"]
[WhiteTitle "WFM"]
[BlackTitle "IM"]
[WhiteElo "2029"]
[BlackElo "2438"]
[WhiteFideId "5804566"]
[BlackFideId "14101602"]
[EventDate "2020.06.22"]

1. e4 Nc6 2. d4 d5 3. e5 Bf5 4. Nf3 e6 5. Bd3 Nge7 6. Bg5 Bg4 7. c3 h6 8. Bh4 g5
9. Bg3 Nf5 10. Nbd2 Bg7 11. Nf1 Nce7 12. h3 Bh5 13. Bh2 Nh4 14. Rg1 Bxf3 15.
gxf3 Neg6 16. Ng3 Nf4 17. Nh5 Nxh5 18. f4 Nxf4 19. Bxf4 Qd7 20. Bg3 Nf5 21. Qb3
O-O-O 22. O-O-O Kb8 23. Kb1 Rc8 24. Rc1 Bf8 25. Ka1 Ka8 26. Bxf5 exf5 27. c4 f4
28. Bh2 dxc4 29. Qxc4 c6 30. h4 Qf5 31. Qc2 Qxc2 32. Rxc2 Be7 33. hxg5 hxg5 34.
Rg2 f3 35. Rg1 Rxh2 36. d5 Rch8 37. d6 Bd8 38. a3 Rh1 39. Rcc1 Rxg1 40. Rxg1 Kb8
41. Rg3 Re8 42. Rxf3 Rxe5 43. Rxf7 Rd5 44. d7 Kc7 45. b4 Rxd7 46. Kb2 Rxf7 0-1

[Event "Women's Speed Chess Q5"]
[Site "chess.com INT"]
[Date "2020.06.22"]
[Round "7"]
[White "Zhao, Xue"]
[Black "Belenkaya, Dina"]
[Result "1-0"]
[WhiteTitle "GM"]
[BlackTitle "WGM"]
[WhiteElo "2486"]
[BlackElo "2297"]
[WhiteFideId "8601283"]
[BlackFideId "24142654"]
[EventDate "2020.06.22"]

1. Nf3 d5 2. e3 c5 3. d4 Nf6 4. b3 cxd4 5. exd4 Nc6 6. Bb2 g6 7. h3 Bg7 8. Be2
O-O 9. O-O Ne4 10. Nbd2 Bf5 11. Re1 Rc8 12. c3 Re8 13. Nf1 Qa5 14. b4 Qd8 15.
Ne3 a6 16. Qb3 Be6 17. a4 f5 18. Rad1 Kh8 19. Nf1 Bg8 20. Qa3 g5 21. Ba1 h5 22.
Ng3 Nxg3 23. fxg3 g4 24. Nh4 Bh7 25. Bd3 e6 26. Qb2 Qd6 27. Qf2 Bf6 28. Bb2 Qd8
29. Bc1 Rc7 30. Bf4 Rf7 31. Kh2 Qb6 32. Nxf5 Bxf5 33. Bxf5 Bxd4 34. cxd4 Rxf5
35. b5 Na5 36. bxa6 bxa6 37. Rb1 Qc6 38. Be5+ Kh7 39. Qe2 Nc4 40. Bf4 a5 41.
hxg4 hxg4 42. Qxg4 Re7 43. Qh4+ Kg6 44. Qxe7 Rh5+ 45. Kg1 Qc8 46. Rxe6+ Kf5 47.
Qf7+ Kg4 48. Rg6+ 1-0

[Event "Women's Speed Chess Q5"]
[Site "chess.com INT"]
[Date "2020.06.22"]
[Round "7"]
[White "Mammadova, Gulnar"]
[Black "Eswaran, Ashritha"]
[Result "1/2-1/2"]
[WhiteTitle "IM"]
[BlackTitle "WIM"]
[WhiteElo "2382"]
[BlackElo "2244"]
[WhiteFideId "13403508"]
[BlackFideId "2080788"]
[EventDate "2020.06.22"]

1. e4 c5 2. Nf3 a6 3. c3 d5 4. exd5 Qxd5 5. d4 Nf6 6. Be3 cxd4 7. cxd4 e6 8. Nc3
Qa5 9. Bd3 Be7 10. O-O O-O 11. Ne5 Nc6 12. Nxc6 bxc6 13. Qc2 Qh5 14. f3 Bd7 15.
Ne2 Nd5 16. Bd2 Bd6 17. Ng3 Qh4 18. Rae1 f5 19. f4 a5 20. Qc1 Bb4 21. Bxb4 Nxb4
22. Bc4 Qf6 23. Re5 Kh8 24. Qe3 Nd5 25. Qe2 Rac8 26. Qd2 Nb6 27. Ba6 Ra8 28. Be2
Nd5 29. Bc4 Nb6 30. Bd3 Nd5 31. b3 a4 32. b4 a3 33. Bc4 Rab8 34. Bxd5 cxd5 35.
Rc1 Rfc8 36. Rc5 Qd8 37. Re3 Qb6 38. Rxa3 Qxb4 39. Rxc8+ Bxc8 40. Qxb4 Rxb4 41.
Ra8 Rc4 42. Kf2 Kg8 43. Ke3 Kf7 44. Ne2 Kf6 45. a4 Bb7 46. Ra7 Bc6 47. a5 Ra4
48. Rc7 Bb5 49. Nc3 Ra3 50. Rc5 Bc4 51. Kd2 g6 52. g3 g5 53. Rc7 h5 54. h4 gxf4
55. gxf4 Rxa5 56. Rc8 Ra3 57. Rc6 1/2-1/2

[Event "Women's Speed Chess Q5"]
[Site "chess.com INT"]
[Date "2020.06.22"]
[Round "7"]
[White "Schut, Lisa"]
[Black "Kovanova, Baira"]
[Result "1-0"]
[WhiteTitle "WIM"]
[BlackTitle "WGM"]
[WhiteElo "2259"]
[BlackElo "2343"]
[WhiteFideId "1019481"]
[BlackFideId "4164083"]
[EventDate "2020.06.22"]

1. e4 e5 2. Nf3 Nc6 3. Bc4 Nf6 4. d4 exd4 5. e5 d5 6. Bb5 Ne4 7. Nxd4 Bd7 8.
Bxc6 bxc6 9. O-O Bc5 10. Be3 Bb6 11. Nd2 c5 12. N4b3 Nxd2 13. Qxd2 d4 14. Bg5
Qc8 15. Rfe1 h6 16. Bh4 Qb7 17. Qd3 Qd5 18. Nd2 Bc6 19. f3 O-O 20. b3 a5 21. a4
Bb7 22. Bf2 Rad8 23. Qf5 Qe6 24. Qh5 Bd5 25. Ne4 c4 26. bxc4 Bxc4 27. Rab1 Rfe8
28. Bh4 Rd5 29. f4 d3+ 30. Bf2 Bxf2+ 31. Nxf2 d2 32. Red1 Qd7 33. Ne4 Rd4 34.
Nf6+ gxf6 35. exf6 Qe6 36. Qxh6 Qg4 37. h3 Qg6 38. Qh4 Bd5 39. g4 Bf3 40. f5
Rxg4+ 41. hxg4 Qxg4+ 42. Qxg4+ Bxg4 43. Rxd2 Bxf5 44. Rf1 Bg6 45. Rf4 Rb8 46.
Kf2 Kf8 47. Rc4 Ke8 48. Rxc7 1-0

[Event "Women's Speed Chess Q5"]
[Site "chess.com INT"]
[Date "2020.06.22"]
[Round "7"]
[White "Zhukova, Natalia"]
[Black "Gunina, Valentina"]
[Result "0-1"]
[WhiteTitle "GM"]
[BlackTitle "GM"]
[WhiteElo "2328"]
[BlackElo "2431"]
[WhiteFideId "14101513"]
[BlackFideId "4167570"]
[EventDate "2020.06.22"]

1. c4 Nf6 2. Nc3 e6 3. e4 c5 4. Nf3 d6 5. d4 cxd4 6. Nxd4 Be7 7. Be2 O-O 8. O-O
a6 9. Be3 Nbd7 10. Qd2 Qc7 11. Rac1 b6 12. f3 Bb7 13. Kh1 Rac8 14. Rfd1 Qb8 15.
Bf1 Rfd8 16. Qf2 Ba8 17. b3 Ne5 18. Nde2 Nfd7 19. Nf4 Bc6 20. Qg3 b5 21. Nh5 Ng6
22. f4 b4 23. Nd5 exd5 24. exd5 Bb7 25. f5 Bf8 26. fxg6 hxg6 27. Nf4 Ne5 28. h4
Qc7 29. h5 gxh5 30. Nxh5 f5 31. Nf6+ Kf7 32. Nh7 Be7 33. Ng5+ Bxg5 34. Qxg5 Rh8+
35. Kg1 g6 36. c5 dxc5 37. d6 Qd7 38. Bf4 Ng4 39. Bc4+ Kg7 40. Rc2 Rce8 41. Bc1
Rh5 42. Bb2+ Kh7 43. Qf4 Ne3 44. Rcd2 Nxd1 45. Rxd1 Re4 46. Qf2 Reh4 47. Bd5
Rh1# 0-1